Streamer Haare - Statistiken

Allgemein
  • Dieses Quiz wurde 980 mal gespielt
  • Das Durchschnittsergebnis liegt bei 5 aus 20
Antwortstatistiken
Bildquiz Antwort % Korrekt
Reved
96%
xFibii
70%
Gnu
69%
Tim Horus
33%
Milschbaum
30%
Mowky
30%
Johnny
21%
Rumathra
19%
Karni
16%
Gronkh
15%
Husarenchris
13%
Chefstrobel
12%
Divi
8%
Tinkerleo
8%
RoyalPhunk
7%
Pandorya
5%
Papo
5%
Eismelone
4%
Mori
3%
Skylinetv
3%
Keine übereinstimmenden Quizze gefunden
Verteilung der Resultate
Anzahl Personen mit jedem Resultat
Perzentil nach korrekt beantworteten Fragen
Ihre Resultats-Entwicklung
Sie haben dieses Quiz noch nicht gespielt